000 00642cam a22002177a 4500
001 001067
003 armpunfd
005 20140612090629.0
008 011219e1969####xx#a##########000#0#und#d
040 _aarmpunfd
_carmpunfd
080 _a347.66 W 125
100 1 0 _a Wagner, Manuel A.
245 1 0 _aParticion hereditaria : naturaleza y negocio juridico procesal las causas de su nulidad
260 _a Buenos Aires
_b Plus Ultra
_cC1969
300 _a116p.
650 7 _a Derecho De Sucesiones
_2LEMB
650 7 _a Particion Hereditaria
_2LEMB
650 7 _a Sucesiones
_2LEMB
942 _cLB
_2cdu
945 _aCatalis
_d2010-08-19
999 _c1058
_d231562